| 000 | 00438nam a2200169Ia 4500 | ||
|---|---|---|---|
| 003 | OSt | ||
| 005 | 20260306110857.0 | ||
| 008 | 211028s2009 xx 000 0 und d | ||
| 040 | _cAIMIT LIBRARY | ||
| 041 | _aeng | ||
| 100 |
_aKarkera, Snthosh B;Suchetha., Suchetha. _g60471424 _92979 |
||
| 110 |
_aSmitha. _92980 |
||
| 245 | _aV4 software system / | ||
| 260 |
_aMangalore _c2009 |
||
| 710 |
_aINAT Solutions _92981 |
||
| 942 |
_2ddc _cPRO |
||
| 999 |
_c217078 _d217078 |
||